Les verbes - Statistiques

Statistiques générales
  • Ce quiz a été pris 8 fois
  • Le résultat moyen est 85 sur 111
Statistiques - réponses
Hint Réponse % Correct
ajouter add
100%
répondre answer
100%
demander ask
100%
être be
100%
commencer, débuter begin
100%
construire build
100%
appeler call
100%
prendre soin de care
100%
changer change
100%
fermer close
100%
venir come
100%
traverser cross
100%
pleurer cry
100%
couper cut
100%
décider decide
100%
développer develop
100%
faire do
100%
dessiner draw
100%
conduire drive
100%
manger eat
100%
tomber fall
100%
ressentir feel
100%
trouver find
100%
voler fly
100%
suivre follow
100%
donner give
100%
aller go
100%
avoir have
100%
entendre hear
100%
aider help
100%
garder keep
100%
savoir know
100%
rire laugh
100%
apprendre learn
100%
quitter leave
100%
aimer like
100%
écouter listen
100%
vivre live
100%
regarder look
100%
aimer love
100%
faire make
100%
manquer miss
100%
bouger move
100%
avoir besoin need
100%
noter note
100%
ouvrir open
100%
passer pass
100%
jouer play
100%
mettre put
100%
pleuvoir rain
100%
lire read
100%
se souvenir remember
100%
courir run
100%
voir see
100%
chanter sing
100%
s’asseoir sit
100%
dormir sleep
100%
épeler spell
100%
commencer start
100%
rester stay
100%
arrêter stop
100%
prendre take
100%
parler talk
100%
dire tell
100%
penser think
100%
voyager travel
100%
essayer try
100%
tourner turn
100%
utiliser use
100%
attendre wait
100%
marcher walk
100%
vouloir want
100%
regarder watch
100%
travailler work
100%
écrire write
100%
apparaître appear
50%
apporter bring
50%
contenir contain
50%
couvrir cover
50%
différer differ
50%
gouverner govern
50%
grandir grow
50%
mener lead
50%
marquer mark
50%
signifier mean
50%
appuyer press
50%
produire produce
50%
enregistrer record
50%
dire say
50%
sembler seem
50%
servir serve
50%
montrer show
50%
se tenir debout stand
50%
étudier study
50%
enseigner teach
50%
agir act
0%
porter carry
0%
provoquer cause
0%
contrôler check
0%
faciliter ease
0%
remplir fill
0%
obtenir get
0%
se passer happen
0%
tenir hold
0%
coucher lay
0%
posséder own
0%
tirer pull
0%
atteindre reach
0%
se reposer rest
0%
mettre en place set
0%
demander wonder
0%
Aucun quiz correspondant
Distribution des résultats
% des personnes avec chaque résultat
Percentile par nombre de réponses
Votre historique - résultats
Vous n’avez pas pris ce quiz